Risalah wirid & doa selepas solat (Record no. 109930)

MARC details
000 -LEADER
fixed length control field 00667nam a2200241 i 4500
001 - CONTROL NUMBER
control field C2-0307145
003 - CONTROL NUMBER IDENTIFIER
control field PPAK
005 - DATE AND TIME OF LATEST TRANSACTION
control field 20180728093808.0
008 - FIXED-LENGTH DATA ELEMENTS--GENERAL INFORMATION
fixed length control field 110109s2009 my |||| ||||| | may d
020 ## - INTERNATIONAL STANDARD BOOK NUMBER
International Standard Book Number 9789834021221
040 ## - CATALOGING SOURCE
Original cataloging agency PPAK
Language of cataloging eng
Transcribing agency PPAK
Description conventions rda
082 04 - DEWEY DECIMAL CLASSIFICATION NUMBER
Classification number 297.382
Edition number 23
090 00 - LOCALLY ASSIGNED LC-TYPE CALL NUMBER (OCLC); LOCAL CALL NUMBER (RLIN)
Classification number (OCLC) (R) ; Classification number, CALL (RLIN) (NR) 297.382
Feature heading RIS
Feature heading G
245 00 - TITLE STATEMENT
Title Risalah wirid & doa selepas solat
264 #1 - PRODUCTION, PUBLICATION, DISTRIBUTION, MANUFACTURE, AND COPYRIGHT NOTICE
Place of production, publication, distribution, manufacture Johor Bahru, Johor :
Name of producer, publisher, distributor, manufacturer Pustaka Azhar ,
Date of production, publication, distribution, manufacture, or copyright notice 2009
300 ## - PHYSICAL DESCRIPTION
Extent ii, 185 pages ;
Dimensions 19 cm
336 ## - CONTENT TYPE
Source rdacontent
Content type term text
337 ## - MEDIA TYPE
Source rdamedia
Media type term unmediated
338 ## - CARRIER TYPE
Source rdacarrier
Carrier type term volume
650 10 - SUBJECT ADDED ENTRY--TOPICAL TERM
Topical term or geographic name entry element Prayer - Islam.
700 0# - ADDED ENTRY--PERSONAL NAME
Personal name Muhammad Aizat Farhan,
Relator term compile
942 ## - ADDED ENTRY ELEMENTS (KOHA)
-- dc
Koha item type Book
Holdings
Withdrawn Not for loan Current library Shelving location Date acquired Total Checkouts Full call number Barcode Date last seen Date last checked out Koha item type
    Perpustakaan Alor Setar Pinjaman Dewasa 20/01/2011 2 297.382 RIS A01356705 10/01/2019 03/01/2019 Book
    Perpustakaan Alor Setar Pinjaman Dewasa 20/01/2011 2 297.382 RIS A01356706 04/09/2018 04/09/2018 Book
    Perpustakaan Awam Sungai Petani Pinjaman Dewasa 20/01/2011   297.382 RIS A01356707 09/05/2018   Book
    Perpustakaan Baling Pinjaman Dewasa 20/01/2011   297.382 RIS A01356713 04/12/2018   Book
    Perpustakaan Bandar Baharu Pinjaman Dewasa 20/01/2011   297.382 RIS A01356714 09/05/2018   Book
    Perpustakaan Jitra Pinjaman Dewasa 20/01/2011   297.382 RIS A01356708 09/05/2018   Book
    Perpustakaan Kulim Pinjaman Dewasa 20/01/2011   297.382 RIS A01356710 09/05/2018   Book
    Perpustakaan Langkawi Pinjaman Dewasa 20/01/2011   297.382 RIS A01356709 09/05/2018   Book
    Perpustakaan Yan Pinjaman Dewasa 20/01/2011 1 297.382 RIS A01356711 18/04/2019 31/03/2019 Book